Leasing commercial premises. (Record no. 99568)

MARC details
000 -LEADER
fixed length control field 00937cam a2200229 4500
008 - FIXED-LENGTH DATA ELEMENTS--GENERAL INFORMATION
fixed length control field 000000n1999 000 0 eng u
020 ## - INTERNATIONAL STANDARD BOOK NUMBER
International Standard Book Number 1902375327
035 ## - SYSTEM CONTROL NUMBER
System control number (Sirsi) u100059
041 ## - LANGUAGE CODE
Language code of text/sound track or separate title eng
050 ## - LIBRARY OF CONGRESS CALL NUMBER
Classification number 346.4104343
100 ## - MAIN ENTRY--PERSONAL NAME
Personal name Pawlowski, Mark
245 ## - TITLE STATEMENT
Title Leasing commercial premises.
260 ## - PUBLICATION, DISTRIBUTION, ETC.
Place of publication, distribution, etc. Oxford
Name of publisher, distributor, etc. Chandos Publishing Limited
Date of publication, distribution, etc. 1999
300 ## - PHYSICAL DESCRIPTION
Extent xxvii,142p. ; 28cm.
350 ## - PRICE (NR) (BK AM CF MU VM SE) [OBSOLETE]
Price 59.95
520 ## - SUMMARY, ETC.
Summary, etc. The aim of this book is to provide the reader with a concise outline of the law relating to commercial lettings. The law of landlord and tenant, particularly in relation to commercial lettings, is complex and obscure. Chapters include: service charges; disrepair; and notice to quit. The book was reprinted in 2002 by Estates Gazette (ISBN 0728203901).
650 ## - SUBJECT ADDED ENTRY--TOPICAL TERM
Topical term or geographic name entry element LEGISLATION
650 ## - SUBJECT ADDED ENTRY--TOPICAL TERM
Topical term or geographic name entry element LEASES
650 ## - SUBJECT ADDED ENTRY--TOPICAL TERM
Topical term or geographic name entry element PROPERTY-COMMERCIAL PROPERTY
690 ## - LOCAL SUBJECT ADDED ENTRY--TOPICAL TERM (OCLC, RLIN)
Topical term or geographic name as entry element PROPERTY-LANDLORD AND TENANT
942 ## - ADDED ENTRY ELEMENTS (KOHA)
Suppress in OPAC 0
Holdings
Withdrawn status Lost status Source of classification or shelving scheme Damaged status Not for loan Home library Current library Shelving location Date acquired Cost, normal purchase price Total Checkouts Full call number Barcode Date last seen Date last checked out Copy number Cost, replacement price Price effective from Koha item type
    Dewey Decimal Classification     London London Books 17/01/2003 21.25 40 346.4104343 PAW (2002 reprint) 30068110 06/08/2019 13/08/2009 1 21.25 06/08/2019 Book